Statistics for Most followed Football players on Instagram

Click here to take the quiz!

General Stats

  • This quiz has been taken 27 times
  • The average score is 11 of 20

Answer Stats

Followers (Million)Answer% Correct
515Cristiano Ronaldo
100%
390Lionel Messi
100%
78Kylian Mbappe
96%
62.1Karim Benzema
69%
194Neymar Jr
69%
31.6Robert Lewandowski
65%
27Luka Modric
58%
54.4Sergio Ramos
58%
45Luis Suarez
54%
36.5Toni Kroos
50%
76.3David Beckham
46%
54.4Mohamed Salah
46%
49Gareth Bale
42%
56.7Zlatan Ibrahimovic
42%
41Andres Iniesta
38%
70Ronaldinho
38%
37.5Antoine Griezmann
35%
27.2Eden Hazard
23%
35Zinedine Zidane
23%
51Paulo Dybala
15%

Score Distribution

Percentile by Number Answered

Percent of People with Each Score

Your Score History

You have not taken this quiz